Ce jeu pokemon est-il ... ? - Choix multiple - Statistiques

Statistiques générales
  • Ce quiz a été pris 32 fois
  • Le résultat moyen est 7 sur 10
Statistiques - réponses
Question Réponse % Correct
Lequel de ces jeux ne fait pas partie de la licence principal ? Pokemon go
96%
Lequel de ces jeux partie de la licence principal ? Pokemon legend za
93%
Quel jeu ne possède pas le système de méga-évolution Pokemon épée et bouclier
85%
Quel jeu n'a pas de DLC ? Pokemon legend arceus
81%
Quel jeu n'est pas sortie sur Nintendo ds ? Pokemon X
78%
Quel jeu a Méganium sur sa jaquette ? Pokemon new snap
74%
Lequel de ces jeux n'a pas de version française ?
67%
Quel jeu Pokemon c'est vu avoir le plus de nouveau Pokemon ? Pokemon noir et blanc
63%
Lequel de ces jeux a eu sur sa jaquette un pokemon qui n'est pas réapparu sur une autre ? Pokemon bleu
52%
Lequel de ces jeux a 5 pokemon sur sa jaquette ? Pokemon colosseum
33%
Aucun quiz correspondant
Distribution des résultats
% des personnes avec chaque résultat
Percentile par nombre de réponses
Votre historique - résultats
Vous n’avez pas pris ce quiz